Quadragesimale viatoris.

Saved in:  
Bibliographic Details
Format: Print Book
Language:Latin
Subito Delivery Service: Order now.
Check availability: HBZ Gateway
WorldCat: WorldCat
Interlibrary Loan:Interlibrary Loan for the Fachinformationsdienste (Specialized Information Services in Germany)
Published: Augsburg St. Ulrich und Afra nicht nach 1476
In:Year: 1476
Online Access: Weiterführende Informationen; INKA (Publisher)
Parallel Edition:Electronic

MARC

LEADER 00000cam a22000002c 4500
001 1420313177
003 DE-627
005 20240503210552.0
007 tu
008 110914s1476 xx ||||| 00| ||lat c
035 |a (DE-627)1420313177 
035 |a (DE-576)350313172 
035 |a (DE-599)BSZ350313172 
035 |a (OCoLC)756306253 
040 |a DE-627  |b ger  |c DE-627  |e rakwb 
041 |a lat 
084 |a 1  |2 ssgn 
245 0 0 |a Quadragesimale viatoris. 
264 1 |a Augsburg  |b St. Ulrich und Afra  |c nicht nach 1476 
300 |a 48 Bll.  |c 2o 
336 |a Text  |b txt  |2 rdacontent 
337 |a ohne Hilfsmittel zu benutzen  |b n  |2 rdamedia 
338 |a Band  |b nc  |2 rdacarrier 
510 3 |a GW M11594 
510 3 |a C 5002 
510 3 |a BMC II 340 
510 3 |a BN-Inc Q-1 
510 3 |a Goff Q-1 
510 3 |a IBP 4638 
510 3 |a ISTC iq00001000 
510 3 |a (nach GW M11594) 
583 1 |a Digitalisiert  |2 pdager  |5 DE-21 
583 1 |a Archivierung/Langzeitarchivierung gewährleistet  |f SSG  |x XA-DE-BW  |2 pdager  |5 DE-21 
776 0 8 |i Elektronische Reproduktion  |t Quadragesimale viatoris.  |d Augsburg : St. Ulrich und Afra, 1476  |h 48 Bll.  |w (DE-627)1745262520  |k Electronic 
856 4 2 |u http://www.inka.uni-tuebingen.de/cgi-bin/inkunabel?naw=GW&snachweis=M11594  |x Verlag  |3 Weiterführende Informationen; INKA  |7 1 
935 |a INKA  |a mteo 
935 |e GW M11594  |f s 
935 |e C 5002  |f s 
935 |e BMC II 340  |f s 
935 |e BN-Inc Q-1  |f s 
935 |e Goff Q-1  |f s 
935 |e IBP 4638  |f s 
935 |e ISTC iq00001000  |f s 
935 |e (nach GW M11594)  |f s 
951 |a BO 
ELC |b 1 
ITA |a 1  |t 1 
LOK |0 000 xxxxxcx a22 zn 4500 
LOK |0 001 2689822776 
LOK |0 003 DE-627 
LOK |0 004 1420313177 
LOK |0 005 20130413112318 
LOK |0 008 081023||||||||||||||||ger||||||| 
LOK |0 035   |a (DE-21)TUB 1762 
LOK |0 040   |a DE-21  |c DE-627  |d DE-21 
LOK |0 852   |z Als 3. Stück enth. 
LOK |0 852   |a DE-21 
LOK |0 852 1  |c Gb 14.2  |9 00 
LOK |0 8564   |u http://www.inka.uni-tuebingen.de/cgi-bin/inkunabel?naw=GW&snachweis=M11594&sbibliothek=tub 
LOK |0 935   |a inka  |a theo 
LOK |0 939   |a 23-10-08  |b l01 
LOK |0 000 xxxxxcx a22 zn 4500 
LOK |0 001 2689822784 
LOK |0 003 DE-627 
LOK |0 004 1420313177 
LOK |0 005 20210122170838 
LOK |0 008 081023||||||||||||||||ger||||||| 
LOK |0 035   |a (DE-21)TUB 1763 
LOK |0 040   |a DE-21  |c DE-627  |d DE-21 
LOK |0 852   |z Als 4. Stück enth. 
LOK |0 852   |a DE-21 
LOK |0 852 1  |c Gb 405.2  |9 00 
LOK |0 8564   |u http://www.inka.uni-tuebingen.de/cgi-bin/inkunabel?naw=GW&snachweis=M11594&sbibliothek=tub 
LOK |0 935   |a inka 
LOK |0 939   |a 23-10-08  |b l02 
ORI |a SA-MARC-ixtheoa001.raw